000
00287nam a2200109Ia 4500
008
200302s9999 xx 000 0 und d
100
_a
Harald Deilmann & Other
245
_a
Wohnungsbau The dwelling. L' Habitat
260
_b
Karl Kramer Verlag Stuttgart
260
_c
1974
300
_a
176 P.,
999
_c
165
_d
165